La gracia : encuentros con Cristo / [por] Eduardo Levy, S.J.

Guardado en:
Bibliografiske detaljer
Hovedforfatter: Levy, Eduardo, S.J (autor)
Format: Bog
Udgivelse:10a edición
Serier:Encuentros con Cristo
Fag:
Tags: Tilføj Tag
Ingen Tags, Vær først til at tagge denne postø!

MARC

LEADER 00000nam^a2200000^u^4500
001 000546215
005 20250521000000.0
008 060220s1000^^^^^^^^^^^^r^^^^^000^0^spa^d
009 20260310131404.798
035 |a FMI 000015758 
037 |a Acervo Xavier Clavigero 
096 |a 5.9.1/19/D 
100 |a Levy, Eduardo, S.J.  |e (autor) 
245 1 3 |a La gracia : encuentros con Cristo / [por] Eduardo Levy, S.J. 
250 |a 10a edición 
264 |a [S.p.i.] 
300 |a 62 p. 
336 |a texto  |b txt  |2 rdacontenido 
337 |a sin mediación  |b n  |2 rdamedio 
338 |a volumen  |b nc  |2 rdasoporte 
440 0 |a Encuentros con Cristo 
597 |a Edición mejorada. 
649 |a XX 
650 |a PREDICACION 
910 |a Fondo Francisco Migoya Covarrubias S.J. 
920 |a Impresos - Libros 
930 |a Fondos Especiales 
905 |a 134 
901 |a SBC22692  |b IT2  |c ESP  |u 20250521 
902 |a https://opac.biblio.iteso.mx/vufind/Record/000546215